| 000 | 00435cam a2200181ua 4500 | ||
|---|---|---|---|
| 020 | _c0.50 | ||
| 041 |
_ahin _h |
||
| 082 |
_a891.54 _bMAI/VA |
||
| 100 | _aMaidhili Sharan, Gupta . | ||
| 245 |
_aVan - Vaibhav / _cMaidhili sharan gupta. _hTextual Documents |
||
| 250 |
_a1 / _b. |
||
| 260 |
_a : _bSahithya Sadan , _c1958. |
||
| 300 | _a37 ; . | ||
| 365 | _a0.50 | ||
| 504 | _a | ||
| 942 | _cBK | ||
| 999 |
_c6454 _d6454 |
||